000 01014nam0a22002531 4500
001 rc\934438
005 20041129095541.8
035 _a(NLR Aleph) 006107377
090 _a5322351
_c5322351
100 _a20041129d1982 u |0rusy50 ca
101 0 _arus
102 _aRU
105 _ay |||||||||
200 1 _aПрокурорский надзор за исполнением законов о труде несовершеннолетних
_eКонспект лекции
210 _aХарьков
_cИн-т Прокуратуры СССР
_d1982
215 _a42 с.
_d20
300 _aВ надзаг.: Прокуратура СССР, Ин-т повышения квалификации руководящих кадров, Фил. ин-та
320 _aБиблиогр. в конце текста (7 назв.)
700 1 _aШость
_bН. В.
_gНадежда Васильевна
801 0 _aRU
_bNLR
_gpsbo
801 1 _aRU
_bELAR
_2rusmarc
852 _aNLR
_j83-4/6848
942 _cBOOK
980 _aNB